Catálogo

El príncipe / (Registro nro. 61973)

Detalles MARC
000 -LEADER
fixed length control field 00704nam a2200253 u 4500
001 - CONTROL NUMBER
control field 61973
003 - CONTROL NUMBER IDENTIFIER
control field Mx-PuUPA
005 - DATE AND TIME OF LATEST TRANSACTION
control field 20240206132914.0
008 - FIXED-LENGTH DATA ELEMENTS--GENERAL INFORMATION
fixed length control field 150122s2012 mx r 000 0 spa d
020 ## - INTERNATIONAL STANDARD BOOK NUMBER
International Standard Book Number 970-9087-04-5
040 ## - CATALOGING SOURCE
Transcribing agency Mx-PuUPA
041 ## - LANGUAGE CODE
Language code of text/sound track or separate title spa
082 0# - DEWEY DECIMAL CLASSIFICATION NUMBER
Classification number 320.5
Item number MAC
100 1# - MAIN ENTRY--PERSONAL NAME
Personal name Machiavelli, Niccolò,
Dates associated with a name 1469-1527
Relator term autor
9 (RLIN) 2881
245 13 - TITLE STATEMENT
Title El príncipe /
Statement of responsibility, etc. Nicolás Bernardo de Maquiavelo.
250 ## - EDITION STATEMENT
Edition statement Primera edición.
264 #1 - PRODUCTION, PUBLICATION, DISTRIBUTION, MANUFACTURE, AND COPYRIGHT NOTICE
Place of production, publication, distribution, manufacture México :
Name of producer, publisher, distributor, manufacturer Grupo Editor Éxodo,
Date of production, publication, distribution, manufacture, or copyright notice 2012
300 ## - PHYSICAL DESCRIPTION
Extent 112 páginas ;
Dimensions 21 cm.
336 ## - CONTENT TYPE
Content type term texto
Source rdacontent
337 ## - MEDIA TYPE
Media type term sin mediación
Source rdamedia
338 ## - CARRIER TYPE
Carrier type term volumen
Source rdacarrier
650 #4 - SUBJECT ADDED ENTRY--TOPICAL TERM
Topical term or geographic name entry element Ciencias políticas
942 ## - ADDED ENTRY ELEMENTS (KOHA)
Source of classification or shelving scheme Dewey Decimal Classification
Koha item type Libro
Existencias
Withdrawn status Lost status Source of classification or shelving scheme Damaged status Not for loan Collection code Home library Current library Shelving location Date acquired Source of acquisition Inventory number Total Checkouts Total Renewals Full call number Barcode Date last seen Date last checked out Price effective from Koha item type
    Dewey Decimal Classification     General Biblioteca Karol Wojtyla Biblioteca Karol Wojtyla Sala general 22/01/2015 Compra 151000000000000000055932 7 1 320.5 MAC 2012 92035 05/01/2026 25/09/2023 28/10/2016 Libro